Responses for Show #1908 - Wednesday, December 16, 1992

Contestants

[<< previous game]

Harry Koga, a student affairs assistant from Berkeley, California

Carroll Savage, a software support technician from West Hills, California

Sheryl Stein, a program analyst from Arlington, Virginia (whose 3-day cash winnings total $11,599)

Jeopardy! Round responses

CANADIAN GEOGRAPHY
SHIPS
DECEMBER 1969
FAMOUS KIMS
DANCE
PETS
    $100 22
(Harry: What is Ontario?)

(Lake) Superior

CarrollHarry
    $100 17
cruise ships

Sheryl
    $100 14
Golda Meir

Harry
    $100 1
Kim Basinger

Sheryl
    $100 10
toe shoes

Carroll
    $100 5
parrots

Carroll
    $200 23
Manitoba

Carroll
    $200 18
Exxon

Sheryl
    $200 27
Panama

Triple Stumper
    $200 2
(Carroll: Who is Kim Hunter?)

Kim Novak

SherylCarroll
    $200 11
tap shoes

Sheryl
    $200 6
rabbits

Sheryl
    $300 24
(Sheryl: What is Newfoundland & Nova Scotia?)

Newfoundland & New Brunswick

SherylHarry
    $300 19
a steamboat

Sheryl
    $300 28
(Harry: What is the lottery for...?)

a selective service lottery (or draft lottery)

CarrollHarry
    $300 3
Kim Philby

Sheryl
    $300 12
(Sheryl: What is break dance?)
(Carroll: What is tap?)

moonwalk

SherylCarroll
Triple Stumper
    $300 7
goldfish

Harry
    $400 25
Vancouver

Harry
    $400 20
oars

Carroll
    $400 29
Ross Perot

Sheryl
    $400 4
(Alex: Yes, now's the time for that lady.)

Kim Hunter

Carroll
    $400 13
Jose Greco

Triple Stumper
    $400 8
(Harry: What is an ibis?)

a cat

CarrollHarry
    $500 26
Albert

Sheryl
    $500 21
(Carroll: What's five?)

three

Carroll
Triple Stumper
    $500 30
economics

Sheryl
    $500 16
(Harry: Who is Jong Il Kim?)

Kim Il-sung

Harry
Triple Stumper
    $500 15
allemande

Harry
    $500 9
a tortoise

Harry

Scores at the first commercial break (after clue 14):

Sheryl Carroll Harry
$700 $500 $500

Scores at the end of the Jeopardy! Round:

Sheryl Carroll Harry
$2,400 $1,000 $800

Double Jeopardy! Round responses

SPACE FIRSTS
OPERA
PRESIDENTS
COOKING
17th CENTURY LITERATURE
CROSSWORD CLUES "A"
    $200 1
extravehicular activity

Carroll
    $200 19
the Met

Sheryl
    $200 12
(Dwight) Eisenhower

Sheryl
    $200 2
a brush

Sheryl
    $200 7
Have-Nots

Harry
    $200 17
Adiós

Sheryl
    $400 27
(Alex: We have less than a minute to go.)

a father

Carroll
    $400 20
a doll

Harry
    $400 13
LBJ

Sheryl
    $400 3
beans

Harry
    $400 8
(William) Shakespeare

Harry
    $400 18
albatross

Carroll
    $1,500 28
(Carroll: What was the Soyuz?)
(Alex: No. The Americans had it--"What was [*]?" The Columbia.)

the space shuttle

Carroll
    $600 21
(Harry: [*]--What is [*]?)

stabbing

Harry
    $1,200 14
(Alex: Sheryl?)
(Sheryl: Who is [*]?)
(Alex: [*], and the song is from 1776, obviously one of your favorites. You smiled when you heard it.)
(Sheryl: It's my brother's favorite.)
(Alex: I see.)

Thomas Jefferson

Sheryl
    $600 4
copper

Carroll
    $600 9
haiku

Harry
    $600 23
an Autobahn

Harry
    $800 29
Yuri Gagarin

Carroll
    $800 22
(Wolfgang Amadeus) Mozart

Sheryl
    $800 15
(Carroll: What is History?)
(Sheryl: What is Literature?)

Biography

SherylCarrollHarry
    $800 5
an artichoke

Carroll
    $800 10
(Carroll: What are "the spoils"?)

"the fair"

Carroll
Triple Stumper
    $800 24
(Carroll: What is arrogance?)

attitude

SherylCarroll
    $1000 30
Jake Garn

Sheryl
    $1000 26
(Alex: "Who is [*]?" Harry, you thought of it, didn't you--to the very end?)
(Harry: I did.)
(Alex: We've got 4 clues left in "Space Firsts".)

Lieutenant Pinkerton

Triple Stumper
    $1000 16
(Harry: Who is Taylor?)

(James) Buchanan

SherylHarry
    $1000 6
phyllo

Sheryl
    $1000 11
Molière

Carroll
    $1000 25
(Alex: That's good.)
[Laughter]

alimony

Harry

Scores at the end of the Double Jeopardy! Round:

Sheryl Carroll Harry
$8,600 $1,300 $4,800

[wagering suggestions for these scores]

Final Jeopardy! Round responses

U.S. LAKES
CarrollWhat is Crater Lake?
$299
HarryWhat is Crater Lake?
$4,800
SherylWhat is the Great Salt Lake?
$1,001
Crater Lake

Final scores:

Sheryl Carroll Harry
$7,599 $1,599 $9,600
2nd place: Singer dining room set + Schonbeck chandelier + Jeopardy! '92 home game 3rd place: Yamaha Clavanova keyboard + Jeopardy! & Wheel of Fortune video games for the Super Nintendo Entertainment System & Sega Genesis system + Jeopardy! '92 home game New champion: $9,600 + Jeopardy! '92 home game

Game dynamics:

Coryat scores:

Sheryl Carroll Harry
$8,000 $2,800 $4,800
22 R
(including 2 DDs),
3 W
15 R,
7 W
(including 1 DD)
15 R,
5 W

Combined Coryat: $15,600

[game] [game scores] [suggest correction]

Game tape date: Unknown
The J! Archive is created by fans, for fans. Scraping, republication, monetization, and malicious use prohibited; this site may use cookies and collect identifying information. See terms. The Jeopardy! game show and all elements thereof, including but not limited to copyright and trademark thereto, are the property of Jeopardy Productions, Inc. and are protected under law. This website is not affiliated with, sponsored by, or operated by Jeopardy Productions, Inc. Join the discussion at JBoard.tv.